Melodía de Grillo /
Grillo siente que le pesa mucho la cabeza. Está llena de dudas, pero una ocupa más espacio que otras. "¿Qué será lo que hace grillo a Grillo?", se pregunta.
Guardado en:
| Autor Principal: | |
|---|---|
| Otros Autores: | |
| Formato: | Libro |
| Publicado: |
Buenos Aires :
SM,
2019.
|
| Edición: | 1a ed. |
| Series: | El Barco de Vapor. Los Piratas ;
23 |
| Materias: | |
| Etiquetas: |
Agregar Etiqueta
Sin Etiquetas, Sea el primero en etiquetar este registro!
|
| LEADER | 00909nam a22002415a 4500 | ||
|---|---|---|---|
| 001 | CEM.cems020776 | ||
| 008 | 240215s2019##################000#0#####d | ||
| 005 | 20240215145655.0 | ||
| 245 | 1 | 0 | |a Melodía de Grillo / |c Pilar Muñoz Lascano ; ilustrado por Matías Acosta. |
| 250 | |a 1a ed. | ||
| 260 | |a Buenos Aires : |b SM, |c 2019. | ||
| 300 | |a 40 p. | ||
| 490 | 0 | |a El Barco de Vapor. Los Piratas ; |v 23 | |
| 520 | |a Grillo siente que le pesa mucho la cabeza. Está llena de dudas, pero una ocupa más espacio que otras. "¿Qué será lo que hace grillo a Grillo?", se pregunta. | ||
| 500 | |a Para empezar a leer. | ||
| 020 | |a 9789877319545 | ||
| 100 | 1 | |a Muñoz Lascano, Pilar. | |
| 700 | 1 | |a Acosta, Matías; il. | |
| 653 | |a Literatura argentina | ||
| 653 | |a Literatura infantil | ||
| 653 | |a Cuento infantil | ||
| 653 | |a Cuento argentino | ||
| 859 | |a CEMS |b BIB. CEMS - Inicial y Primaria |h A868.4 |i M93 |k IP |p 6239 |t Ej. 1 | ||
